|
|
|
|
| LEADER |
00000naa2a2200000 4500 |
| 001 |
182929 |
| 005 |
20251205094806.0 |
| 035 |
|
|
|a (RuTPU)RU\TPU\book\198298
|
| 090 |
|
|
|a 182929
|
| 100 |
|
|
|a 20100629d2004 k y0rusy50 ca
|
| 101 |
0 |
|
|a rus
|
| 102 |
|
|
|a RU
|
| 200 |
1 |
|
|a Необходимость анализа энергетических характеристик турбоустановок при энергетических обследованиях тепловых электрических станций
|f М. Г. Лелик
|
| 320 |
|
|
|a Библиогр.: 4 назв.
|
| 461 |
|
1 |
|0 (RuTPU)RU\TPU\book\66154
|t Современные техника и технологии
|o X Юбилейная международная научно-практическая конференция студентов, аспирантов и молодых ученых, посвященная 400-летию г. Томска, Томск, 29 марта - 2 апреля 2004 г.
|o труды
|f Томский политехнический университет
|d 2004
|
| 463 |
|
0 |
|0 (RuTPU)RU\TPU\book\65882
|t Т. 1
|v С. 38-39
|d 2004
|
| 610 |
1 |
|
|a тепловые электрические станции
|
| 610 |
1 |
|
|a турбоустановки
|
| 610 |
1 |
|
|a энергетические характеристики
|
| 610 |
1 |
|
|a паровые турбины
|
| 610 |
1 |
|
|a парогенераторы
|
| 610 |
1 |
|
|a эффективность
|
| 610 |
1 |
|
|a коэффициент теплопередачи
|
| 610 |
1 |
|
|a АСУ ТП
|
| 610 |
1 |
|
|a регламенты
|
| 610 |
1 |
|
|a сравнительный анализ
|
| 610 |
1 |
|
|a труды учёных ТПУ
|
| 700 |
|
1 |
|a Лелик
|b М. Г.
|
| 801 |
|
1 |
|a RU
|b 63413507
|c 20100629
|
| 801 |
|
2 |
|a RU
|b 63413507
|c 20140329
|g RCR
|
| 942 |
|
|
|c BK
|